000 00474nam a2200193Ia 4500
003 LK-CoDNM
005 20241209103343.0
008 010623t1979 xxu||||| |||| 00| 1 eng d
040 _aLK-CoDNM
_dLK-CoDNM
_eLK-CoDNM
041 _aeng
080 _a294.3214
_bHEC
100 _aHecker, Hellmuth.
245 _aMaha Moggallana
260 _bBuddhist Publication Society
_aKandy
_c1979
300 _b49p. ; 18 cm
650 _a1979
650 _aBuddhism
942 _cBK
999 _c110804
_d110804